Śitū / (Record no. 82867)

MARC details
000 -LEADER
fixed length control field 00578nam a2200205 a 4500
001 - CONTROL NUMBER
control field sa 68009340
003 - CONTROL NUMBER IDENTIFIER
control field DLC
005 - DATE AND TIME OF LATEST TRANSACTION
control field 20260227112542.0
008 - FIXED-LENGTH DATA ELEMENTS--GENERAL INFORMATION
fixed length control field 980326s1953 ii a 000 0 mar
010 ## - LIBRARY OF CONGRESS CONTROL NUMBER
LC control number sa 68009340
040 ## - CATALOGING SOURCE
Original cataloging agency DLC
Transcribing agency DLC
050 00 - LIBRARY OF CONGRESS CALL NUMBER
Classification number PK2418.D26
Item number S5 1953
100 1# - MAIN ENTRY--PERSONAL NAME
Personal name Dāṇḍekara, Gopāla Nīlakaṇṭha,
Dates associated with a name 1917-
245 10 - TITLE STATEMENT
Title Śitū /
Statement of responsibility, etc. Gopāla Nīlakaṇṭha Dāṇḍekara.
250 ## - EDITION STATEMENT
Edition statement 1. āvr̥tti.
260 ## - PUBLICATION, DISTRIBUTION, ETC.
Place of publication, distribution, etc. Mumbaī :
Name of publisher, distributor, etc. Mauja Prakāśana,
Date of publication, distribution, etc. 1953.
300 ## - PHYSICAL DESCRIPTION
Extent 7, 194 p. :
Other physical details ill. ;
Dimensions 19 cm.
500 ## - GENERAL NOTE
General note A novel.
546 ## - LANGUAGE NOTE
Language note In Marathi.

No items available.

Powered by Koha